| 000 | 00594nam a22001817a 4500 | ||
|---|---|---|---|
| 005 | 20251108174934.0 | ||
| 008 | 250721s2005 xx 000 0 ara d | ||
| 082 | 1 | 4 | _a338.9/غوش |
| 100 | 1 |
_aأبو غوش، أحمد _eمؤلف |
|
| 245 | 1 | 0 | _aالتنمية في دول المحيط تحرر لا حرية / |
| 264 | 1 |
_aفلسطين : _bالعودة للدراسات والنشر، _c2005. |
|
| 300 | _a142ص. | ||
| 650 | 1 | 7 | _aالتنمية الاقتصادية والاجتماعية |
| 650 | 1 | 7 | _aالاقتصاد |
| 650 | 1 | 7 | _aالهيمنة |
| 942 |
_2ddc _cBK |
||
| 999 |
_c122027 _d122027 |
||